000 00832nam a2200265Ia 4500
003 OSt
005 20220918171305.0
006 a|||||r|||| 00| 0
007 ta
008 220917b |||||||| |||| 00| 0 eng d
020 _a9781472454799 (hbk)
_cUKP 105.00
024 _a353,353
037 _b166, 18/02/2020, Classic Book Service
_cTextual
040 _aARTS
_cARTS
_beng
041 _2eng
_aeng
082 _aY15, Q9
100 _aJohnston Lynda Au.
_935478
245 0 _aTransforming gender, sex, and place
_b gender variant geographies
260 _aLondon
_bRoutledge UK
_c2019
300 _axvi,191p.
_ccm.
490 _aGender, space and society
650 _aGENDER ROLE
_934120
942 _hY15, Q9
_cTEXL
_2CC
999 _c138827
_d138827